Tofel Practice tests Test of english as a foreign language
Đã lưu trong:
| Hovedforfatter: | |
|---|---|
| Andre forfattere: | |
| Format: | Bog |
| Sprog: | Vietnamese |
| Udgivet: |
Tp. Hồ Chí Minh
Nxb Trẻ
2000
|
| Fag: | |
| Tags: |
Tilføj Tag
Ingen Tags, Vær først til at tagge denne postø!
|
| Thư viện lưu trữ: | Mạng thư viện Đại học Đà Nẵng |
|---|
| LEADER | 01064nam a2200337 4500 | ||
|---|---|---|---|
| 001 | 000009582 | ||
| 003 | 5779 | ||
| 005 | 20111031071017.0 | ||
| 008 | 111031s2000 viesd | ||
| 020 | |c 18000đ | ||
| 041 | 0 | |a vie | |
| 082 | |a 428.24076 |b RO-B | ||
| 100 | 0 | |a Rogers Bruce | |
| 245 | 0 | |a Tofel Practice tests |b Test of english as a foreign language |c Rogers Bruce | |
| 260 | |a Tp. Hồ Chí Minh |b Nxb Trẻ |c 2000 | ||
| 300 | |a 241 tr. |c 21 cm | ||
| 653 | |a Tiếng Anh | ||
| 653 | |a Toefl | ||
| 653 | |a Luyện thi | ||
| 700 | |a Nguyễn Văn Phước |e Chú giải | ||
| 910 | |a duyên | ||
| OWN | |a LSP | ||
| AVA | |a UDN50 |b LSP |d 428.24076 RO-B |e available |t Error 5001 Not defined in file expand_doc_bib_avail. |f 1 |g 0 |h N |i 1 |k 1 | ||
| 999 | |a From the UDN01 | ||
| AVA | |a UDN50 |b LSP |d 428.24076 RO-B |e available |t Error 5001 Not defined in file expand_doc_bib_avail. |f 1 |g 0 |h N |i 1 |k 1 | ||
| TYP | |a Monograph | ||
| TYP | |a Printed language | ||
| 980 | |a Mạng thư viện Đại học Đà Nẵng | ||